| 000 | 00626nam a22002057a 4500 | ||
|---|---|---|---|
| 999 |
_c1624 _d1624 |
||
| 003 | AR-CdUCM | ||
| 008 | 190227b ||||| |||| 00| 0 spa d | ||
| 020 | _a8482801457 | ||
| 040 |
_aMUNICIPALIDAD PROVINCIAL DEL CUSCO _cBIBLIOTECA MUNICIPAL DEL CUSCO |
||
| 082 |
_a888.1 / _bH45 |
||
| 100 |
_aHerodoto _96066 |
||
| 245 | _aLos nueve libros de la historia / | ||
| 260 |
_aColombia : _bLa oveja negra s.a, _c1983 |
||
| 300 |
_a334 pƔginas ; _c18.5 cm |
||
| 650 |
_aCivilización antigua _91473 |
||
| 650 |
_aHistoria _9136 |
||
| 700 |
_aMaria Rosa Lida (traductora) _96067 |
||
| 942 |
_2ddc _cLIBROS |
||
| 945 |
_aafb _d2019-02-27 |
||